FC Bayern München Kader Saison 2009/2010 - Statistiken

Allgemein
  • Dieses Quiz wurde 77 mal gespielt
  • Das Durchschnittsergebnis liegt bei 21 aus 29
Antwortstatistiken
Nummer Nation Spieler % Korrekt
10 Niederlande Arjen Robben
100%
7 Frankreich Franck Ribéry
99%
25 Deutschland Thomas Müller
97%
9 Italien Luca Toni
96%
21 Deutschland Philipp Lahm
96%
31 Deutschland Bastian Schweinsteiger
94%
27 Österreich David Alaba
94%
11 Kroatien Ivica Olic
93%
5 Belgien Daniel van Buyten
91%
22 Deutschland Hans-Jörg Butt
91%
33 Deutschland Mario Gomez
91%
6 Argentinien Martín Demichelis
88%
8 Türkei Hamit Altintop
86%
18 Deutschland Miroslav Klose
83%
17 Niederlande Mark van Bommel
81%
28 Deutschland Holger Badstuber
75%
1 Deutschland Michael Rensing
74%
35 Deutschland Thomas Kraft
72%
15 Brasilien Breno
70%
23 Kroatien Danijel Pranjic
61%
16 Deutschland Andreas Ottl
59%
20 Argentinien José Ernesto Sosa
59%
44 Ukraine Anatoliy Tymoshchuk
52%
4 Niederlande Edson Braafheid
52%
30 Deutschland Christian Lell
49%
26 Deutschland Diego Contento
45%
32 Türkei Mehmet Ekici
30%
19 Deutschland Alexander Baumjohann
23%
13 Deutschland Andreas Görlitz
20%
Keine übereinstimmenden Quizze gefunden
Verteilung der Resultate
Anzahl Personen mit jedem Resultat
Perzentil nach korrekt beantworteten Fragen
Ihre Resultats-Entwicklung
Sie haben dieses Quiz noch nicht gespielt